Missing the boat? (Record no. 73696)

MARC details
000 -LEADER
fixed length control field 01262cam a2200241 4500
001 - CONTROL NUMBER
control field ABS67168
008 - FIXED-LENGTH DATA ELEMENTS--GENERAL INFORMATION
fixed length control field 031029n2003 000 0 eng u
035 ## - SYSTEM CONTROL NUMBER
System control number (Sirsi) u124160
100 ## - MAIN ENTRY--PERSONAL NAME
Personal name Bazlinton, C.
245 ## - TITLE STATEMENT
Title Missing the boat?
260 ## - PUBLICATION, DISTRIBUTION, ETC.
Date of publication, distribution, etc. 2003
490 ## - SERIES STATEMENT
Series statement Inside Housing
Volume/sequential designation 20(41) 17 October 2003, 16-18(3)
520 ## - SUMMARY, ETC.
Summary, etc. Investigates the slowing progress of housing associations' involvement in the market rented sector, which was initially promoted as an institutional sector providing high- quality, efficiently managed homes. Anticipates the Barker review's recommendations on how to revive the market rented sector and the possibility of a government announcement in the pre-budget statement in support of creating a new corporate sector, which would provide a real extra choice in the housing market. Presents a market renting timeline and a state of the market table of the 25 largest associations active in the market rented sector.
590 ## - LOCAL NOTE (RLIN)
Local note ABS
650 ## - SUBJECT ADDED ENTRY--TOPICAL TERM
Topical term or geographic name entry element REGISTERED SOCIAL LANDLORDS
650 ## - SUBJECT ADDED ENTRY--TOPICAL TERM
Topical term or geographic name entry element HOUSING ASSOCIATIONS
650 ## - SUBJECT ADDED ENTRY--TOPICAL TERM
Topical term or geographic name entry element MANAGED HOUSING
650 ## - SUBJECT ADDED ENTRY--TOPICAL TERM
Topical term or geographic name entry element MARKET RENTING
650 ## - SUBJECT ADDED ENTRY--TOPICAL TERM
Topical term or geographic name entry element PRIVATE RENTED SECTOR
650 ## - SUBJECT ADDED ENTRY--TOPICAL TERM
Topical term or geographic name entry element REITS
690 ## - LOCAL SUBJECT ADDED ENTRY--TOPICAL TERM (OCLC, RLIN)
Topical term or geographic name as entry element PROPERTY-RESIDENTIAL PROPERTY-RESIDENTIAL PROPERTY MARKET
942 ## - ADDED ENTRY ELEMENTS (KOHA)
Suppress in OPAC 0
Holdings
Withdrawn status Lost status Source of classification or shelving scheme Damaged status Not for loan Home library Current library Shelving location Date acquired Total Checkouts Full call number Barcode Date last seen Copy number Price effective from Koha item type
    Dewey Decimal Classification     London London Journal article 29/10/2003   ABS67168 124160-1001 06/08/2019 1 06/08/2019 Journal article